Music Quiz

Random Music or Artist Quiz
Score 0/20 Timer 07:00
0 Plays Today
Lyrics Song Name % Correct
Baby, jebal geu-ui soneul jabjima, 'Cause you should be my ladyWedding Dress
68.1%
Ddan saramdeuldo da, bitnaneun nareul johahaeTwinkle
61.7%
Neon nareul weonhae, neon naege bbajyeo, neon naege michyeoMIROTIC
58%
Doraboji malgo ddeonagara, ddo nareul chajji malgo saragaraHaru Haru
56.9%
Mystery, mystery, molla, molla, ajik naneun mollaNu ABO
43.6%
Jigeum buteo all stop, eoneu nugurahaedo, ihyeongjangeul beoseonaseon...Sherlock
39.9%
Stop! Yo, let me tell you somethin'Hot Issue
33.5%
Sigyel bomyeo soksagineun bimideulYou & I
30.9%
Eonjenga geunyeo soneul jaba bol nal olkkayo, gameun du nun wie kiss haneun naldo wajulkkayoHello
30.9%
Baby can't you see the look in my eyes, seulpeume bbajin nae du nuneul bwaCry Cry
30.3%
Lyrics Song Name % Correct
Sarangeun neomu swibge byeonhaetmangajyo~Don't Cry
21.8%
Geu nal bameun naega neomu simhaeseo, niga jinjjaro ddeonagal juneun mollasseoBad Boy
16.5%
Neomu chisajanha, neodabji mothajanha, jigeum jeogeungi andwae, eojireoweo waeGo Away
13.8%
Ajjil haji nan, jeongmal meotjin girl, k-k-meotjidan mallon bujokhan geolSupa Dupa Diva
9.6%
Oneulbam geu malmaneun marayo, wae nal beorigo gatnayo?Don't Say Goodbye
8.5%
Bomnal gateun misoe, onsesangi hwanhaejyeoyoHow great is your love?
6.4%
Nalssiga johado, gibuneun johnyeo jochi anha, nan nollineun geot gataA Bitter Day
5.3%
Nan ajik jejarijyo, yeojeonhi geudae gyeoteseo, hemae-ida jichyeoseoMistake
3.2%
Samchon ije oseyo? Oneul haru ddo masingeongayo?Uncle
2.7%
Areumdabdeon sarang, sigeobeorin ne mamDo You Know?
2.1%
Remove Ads.
Support Sporcle.
Get the best of Sporcle when you Go Orange. This ad-free experience offers more features, more stats, and more fun while also helping to support Sporcle. Thank you for becoming a member.

You're not logged in!

Compare scores with friends on all Sporcle quizzes.
OR
Log In

Show Comments

Extras

Created Jul 28, 2012ReportNominate
Tags:Artist Quiz, Kpop Quiz, Song Quiz

Top Quizzes Today


Score Distribution

Your Account Isn't Verified!

In order to create a playlist on Sporcle, you need to verify the email address you used during registration. Go to your Sporcle Settings to finish the process.

Report this User

Report this user for behavior that violates our Community Guidelines.

Details: